000 00717nam a2200265Ia 4500
005 20260302115922.0
008 008 260114s9999 xx 000 0 eng d
020 _a9781978733176
037 _aTextbook
040 _aCRL
040 _beng
040 _cCRL
041 _2eng
041 _aeng
084 _qCRL
100 _aRubens Becak & Jairo Lima
_91123073
245 4 _aThe Unwritten Brazilian Constitution Human Rights in the Supremo Tribunal Federal
260 _bBloomsbury
260 _bLexington Books
260 _c2020
650 _aLaw
856 _uhttps://doi.org/10.5040/9781978733176?locatt=label:secondary_bloomsburyCollections
942 _cEBOOK
999 _c1687919
_d1687919